Statistiques concernant Quiz Rappeur #1 (Luv Resval)

Cliquez ici pour prendre le quiz!

Statistiques générales

  • Ce quiz a été pris 294 fois
  • Le résultat moyen est 9 sur 15

Statistiques - réponses

HintRéponse% Correct
Sa saga préférerStar Wars
90%
Année de naissance1998
89%
Premier albumEtoile noire
83%
SurnomLuv
82%
Son époque préférerMoyen Age
82%
Nom de rappeur de son frereSavage Toddy
80%
MentorAlkpote
76%
Son son avec le plus de vues youtubeTout s'en va
69%
ManagerCokein
67%
LabelAWA
51%
Mixtape en collaborationMariah
49%
Pays de naissanceGuinée
41%
Ancien nomYung Resval
20%
Première mixtape soloYung Life
14%
Deuxième mixtape soloLUV KILLS
9%

Distribution des résultats

Percentile par nombre de réponses

% des personnes avec chaque résultat

Votre développement - résultats

Vous n’avez pas pris ce quiz